| 000 | 00413nam a2200133Ia 4500 | ||
|---|---|---|---|
| 008 | 151015s9999 xx 000 0 und d | ||
| 020 | _a393928810 | ||
| 050 | _aHB 172 .B48 2006 | ||
| 245 | _aBergstrom Theodore C. | ||
| 250 | _a_Workouts in intermediate microeconomics(7th ed) Theodore C Bergstrom | ||
| 300 | _aNew York W.W.Norton &company | ||
| 650 | _a_Microeconomics | ||
| 700 | _a^d20130508 01:08:24^oanne | ||
| 999 |
_c4170 _d4170 |
||